Desarrollo de la metodología en ciencias sociales en América Latina: posiciones teóricas y proyectos de sociedad /

সংরক্ষণ করুন:
গ্রন্থ-পঞ্জীর বিবরন
প্রধান লেখক: Cortés, Fernando
বিন্যাস: পাঠ‍্য
ট্যাগগুলো: ট্যাগ যুক্ত করুন
কোনো ট্যাগ নেই, প্রথমজন হিসাবে ট্যাগ করুন!

MARC

LEADER 00000 a a2200000 04500
001 48847
003
040
100 |a Cortés, Fernando  
245 |a Desarrollo de la metodología en ciencias sociales en América Latina:   |b posiciones teóricas y proyectos de sociedad /  |c Fernando Cortés  
773 |g volumen23, número45, (2015), páginas 181-202  
999 |c 21453  |d 21453